000 00636nam a22001937a 4500
005 20251108164927.0
008 250721s1999 xx 000 0 ara d
082 1 4 _a213.21/عكا
100 1 _aالعكايلة، سلطان
245 1 0 _aالواضح في فن التخريج و دراسة الأسانيد /
264 1 _aعمان :
_bالدار العالمية،
_c1999.
300 _a352ص
650 1 7 _aالحديث الشريف
650 1 7 _aالحديث المسند
700 1 _aالصاحب، محمد عيد
_eتحرير
700 1 _aمكحل، عمر سليمان
_eتحرير
942 _2ddc
_cBK
999 _c17652
_d17652